000 00547nam a2200205Ia 4500
003 GCL
008 140319s9999 xx 000 0 ara d
040 _aGCL /
_cGCL
082 0 4 _aط
_b371.9044
_bح ل
100 1 _aحلمى التونى
245 1 0 _aالالوان /
_cحلمى التونى
260 _a[S.N] :
_bدار الشروق
300 _a22 ص
490 _aكتابى الاول
_v0
650 0 4 _aطرق التدريس
650 0 4 _aالاطفال
650 0 4 _aالتلوين
650 0 4 _aالالوان
942 _2ddc
_cBK
999 _c56308
_d56308